000 00801cam a2200229 i 4500
008 220621s2020 ne a b 001 0 eng d
020 _a9780702078798
020 _a0702078794
050 0 0 _aRC961.5
_b.R68 2020
082 0 4 _a616.9883
100 1 _aRothe, Camilla,
245 1 0 _aClinical cases in tropical medicine /
_cedited by Camilla Rothe, MD, DTM&H, Head of Clinical Tropical Medicine, Division of Infectious Diseases and Tropical Medicine, LMU University Hospital, Munich, Germany.
250 _aSecond edition.
260 _aU.S
_bElsevier Ltd
_c2022
300 _axxi, 299 pages :
_billustrations ;
500 _aPrevious edition: 2015.
650 0 _aTropical medicine.
650 2 _aTropical Medicine
650 6 _aMédecine tropicale.
650 7 _aTropical medicine.
942 _cBK
999 _c2759
_d2759